O levočskom erbe

Bibliographic Details
Main Author: Žifčák, František, 1951- (Author)
Format: Article
Language:Slovak
PhysicalDescription:Obr. 4, lit. 26 zázn.
Subjects:

MARC

LEADER 00000nab a2200000 a 4500
001 vtls000616950
003 SK-MaSNL
005 20260304085341.0
008 250425c1997 xo 0 slo
015 |a SNBRB19rr/mm-uuuuu 
035 |a CL0617089 
035 |a (urnnbn)urn:nbn:sk:snk:ar-002acw 
035 |a (uuid)a87cd1db-96db-4632-9ae6-1182356506b6 
035 |a urn:nbn:sk:snk-ab7rkz 
040 |a SNKBUCL  |b slo  |c SNKBUCL  |e AACR2 
041 0 |a slo 
044 |a xo  |c SK 
080 |a 929.6(437.678)  |2 1981 
100 1 |a Žifčák, František,  |d 1951-  |4 aut  |9 235507 
245 1 0 |a O levočskom erbe  |c František Žifčák 
300 |b Obr. 4, lit. 26 zázn. 
650 0 7 |a erby  |2 snkbucl  |9 18910 
651 7 |a Levoča (Slovensko)  |2 snkbucl  |9 26696 
655 7 |a články z novín a časopisov  |2 snkbucl  |9 267496 
773 0 |t Pamiatky a múzeá  |g Č. 1 (1997), s. 13-15 
850 |a Slovenská národná knižnica 
852 |a Slovenská národná knižnica 
954 |a odborná, vedecká literatúra pôvodná (slovenská)  |2 lita 
957 |a 5409 
958 |a article9 
958 |a SK 
958 |a NB 
958 |a RK 
958 |a OND 
958 |a EUIPO 
992 |a RBX 
999 |c 2807635  |d 2809565